[Event "Hvar Arsenal blitz op 2nd"]
[Site "Hvar"]
[Date "2023.10.19"]
[Round "11"]
[White "Bratosevic, Mladen"]
[Black "Matosin, Jurica"]
[Result "1/2-1/2"]
[WhiteElo "2000"]
[BlackElo "1854"]
[PlyCount "62"]
[EventDate "2023.10.19"]
[EventType "swiss (blitz)"]
[EventRounds "11"]
[EventCountry "CRO"]
[SourceTitle "Mega2024 Update 01"]
[Source "Chessbase"]
[SourceDate "2023.11.12"]
[SourceVersion "1"]
[SourceVersionDate "2023.11.12"]
[SourceQuality "1"]

1. c4 Nf6 2. Nc3 g6 3. d4 c5 4. Nf3 cxd4 5. Nxd4 Nc6 6. g3 Bg7 7. Bg2 0-0 8. 0-0 Nxd4 9. Qxd4 d6 10. Qd3 Nd7 11. b3 Ne5 12. Qe3 a6 13. Bb2 Rb8 14. Rfd1 b5 15. c5 Ng4 16. Qd2 b4 17. Na4 Bxb2 18. Qxb2 Bb7 19. Bxb7 Rxb7 20. cxd6 exd6 21. Qd4 h5 22. Rac1 Re8 23. e3 Qg5 24. Qxd6 Rbe7 25. Qf4 Qb5 26. Rc4 Rd7 27. Rdd4 Rxd4 28. Rxd4 Qe2 29. h3 Ne5 30. Rd7 Nf3+ 31. Kg2 Ne1+ 1/2-1/2

[Event "Split op 12th"]
[Site "Split"]
[Date "2023.08.06"]
[Round "2"]
[White "Kopylov, Daniel"]
[Black "Bratosevic, Mladen"]
[Result "1-0"]
[WhiteElo "2342"]
[BlackElo "1988"]
[PlyCount "71"]
[EventDate "2023.08.05"]
[EventType "swiss"]
[EventRounds "9"]
[EventCountry "CRO"]
[SourceTitle "CBM 215 Extra"]
[Source "ChessBase"]
[SourceDate "2023.09.30"]
[SourceVersion "1"]
[SourceVersionDate "2023.09.30"]
[SourceQuality "1"]

1. d4 d5 2. c4 e6 3. Nf3 Nf6 4. Nc3 Bb4 5. Bg5 h6 6. Bxf6 Qxf6 7. e3 0-0 8. Rc1 c5 9. cxd5 cxd4 10. Qxd4 Qxd4 11. Nxd4 exd5 12. a3 Bxc3+ 13. Rxc3 Bd7 14. Rc7 b6 15. Kd2 Rc8 16. Nb5 a6 17. Rxc8+ Bxc8 18. Nc7 Ra7 19. Nxd5 Rd7 20. Bc4 Bb7 21. e4 Nc6 22. Ke2 b5 23. Ba2 Nd4+ 24. Ke3 Nf5+ 25. Ke2 Nd4+ 26. Kd3 Ne6 27. Ke3 Kf8 28. Rc1 Ke8 29. f4 Kd8 30. g3 Rd6 31. Rd1 Nc7 32. Nc3 Rxd1 33. Nxd1 f6 34. Kd4 Kd7 35. Ne3 Ne8 36. Nf5 1-0

[Event "Hvar Arsenal blitz op"]
[Site "Hvar"]
[Date "2022.10.11"]
[Round "11"]
[White "Bratosevic, Mladen"]
[Black "Golubovic, Erik"]
[Result "0-1"]
[WhiteElo "2006"]
[BlackElo "1669"]
[PlyCount "56"]
[EventDate "2022.10.11"]
[EventType "swiss (blitz)"]
[EventRounds "11"]
[EventCountry "CRO"]
[SourceTitle "CBM 210 Extra"]
[Source "ChessBase"]
[SourceDate "2022.11.30"]
[SourceVersion "1"]
[SourceVersionDate "2022.11.30"]
[SourceQuality "1"]

1. c4 e6 2. Nc3 d5 3. d4 c5 4. cxd5 exd5 5. Nf3 Nc6 6. g3 Nf6 7. Bg2 cxd4 8. Nxd4 Bc5 9. Nb3 Bb6 10. Nxd5 Be6 11. Nxf6+ Qxf6 12. 0-0 0-0 13. Qd2 h6 14. Qf4 Qg6 15. Nd2 Nd4 16. Bf3 Bh3 17. Rd1 Nxf3+ 18. Nxf3 Rfe8 19. Nh4 Qc6 20. Qf3 Qxf3 21. exf3 Re2 22. Be3 Bxe3 23. fxe3 g5 24. g4 gxh4 25. e4 Rc8 26. Rac1 Rg2+ 27. Kh1 Rxc1 28. Rxc1 Rxb2 0-1

[Event "Hvar Arsenal blitz op"]
[Site "Hvar"]
[Date "2022.10.11"]
[Round "7"]
[White "Prvinic, Igor"]
[Black "Bratosevic, Mladen"]
[Result "1-0"]
[WhiteElo "1747"]
[BlackElo "2006"]
[PlyCount "103"]
[EventDate "2022.10.11"]
[EventType "swiss (blitz)"]
[EventRounds "11"]
[EventCountry "CRO"]
[SourceTitle "CBM 210 Extra"]
[Source "ChessBase"]
[SourceDate "2022.11.30"]
[SourceVersion "1"]
[SourceVersionDate "2022.11.30"]
[SourceQuality "1"]

1. e4 c6 2. d4 d5 3. exd5 cxd5 4. Nc3 Nc6 5. Nf3 Bg4 6. Be2 e6 7. 0-0 Bd6 8. Bg5 Qb8 9. h3 Bh5 10. a3 h6 11. Be3 a6 12. Rc1 Nf6 13. Nd2 Bg6 14. Na4 Nd7 15. c4 dxc4 16. Nxc4 Bc7 17. Nc5 Nf6 18. b4 0-0 19. Qb3 Rd8 20. Rfd1 Nd5 21. Qb2 b6 22. Nd3 Nce7 23. Bf3 Ra7 24. Qe2 Nxe3 25. fxe3 Nd5 26. Nf2 Bg3 27. e4 Nf4 28. Qe3 Rad7 29. Ne5 Rc7 30. Nxg6 Nxg6 31. d5 Rxc1 32. Qxc1 exd5 33. exd5 Ne5 34. Qe3 Qd6 35. Ne4 Nc4 36. Qd3 Nb2 37. Qxa6 Qf4 38. Rb1 Qe3+ 39. Kh1 Nd3 40. Nxg3 h5 41. Nf5 Qd2 42. Qxb6 Nf2+ 43. Kh2 h4 44. Nxh4 Re8 45. Rd1 Qf4+ 46. Kg1 Nxd1 47. Bxd1 Qxh4 48. Qf2 Qc4 49. Bf3 Qc1+ 50. Kh2 Qxa3 51. Qc5 Qa6 52. b5 1-0

[Event "Hvar Arsenal op"]
[Site "Hvar"]
[Date "2022.10.10"]
[Round "4"]
[White "Plenkovic, Zdenko"]
[Black "Bratosevic, Mladen"]
[Result "1/2-1/2"]
[WhiteElo "2367"]
[BlackElo "2106"]
[PlyCount "86"]
[EventDate "2022.10.08"]
[EventType "swiss"]
[EventRounds "9"]
[EventCountry "CRO"]
[SourceTitle "CBM 210 Extra"]
[Source "ChessBase"]
[SourceDate "2022.11.30"]
[SourceVersion "1"]
[SourceVersionDate "2022.11.30"]
[SourceQuality "1"]

1. e4 c6 2. Nc3 d5 3. Nf3 Bg4 4. h3 Bxf3 5. Qxf3 dxe4 6. Nxe4 Nf6 7. Nxf6+ gxf6 8. Bc4 e6 9. 0-0 Bd6 10. Qh5 0-0 11. d4 f5 12. Bg5 Be7 13. Bh6 Re8 14. Rad1 Bf8 15. Rd3 Bxh6 16. Qxh6 Kh8 17. Rg3 Rg8 18. Rxg8+ Kxg8 19. Bxe6 fxe6 20. Qxe6+ Kg7 21. Qxf5 Nd7 22. Re1 Nf8 23. Re4 Qf6 24. Qg4+ Kh8 25. Rf4 Qg7 26. Qf3 Ne6 27. Rg4 Qf8 28. Qb3 Qf7 29. Re4 Re8 30. f4 Kg8 31. Re5 Ng7 32. Qe3 Rf8 33. Re7 Qxf4 34. Qxf4 Rxf4 35. Rxb7 Rxd4 36. Rxa7 Rd2 37. b4 Rxc2 38. a4 Rc4 39. Rb7 Nf5 40. a5 Nd6 41. Rb6 Nb5 42. a6 Kg7 43. a7 Nxa7 1/2-1/2

[Event "CRO-chT2S"]
[Site "Makarska"]
[Date "2013.04.06"]
[Round "2.2"]
[White "Sutkovic, Damir"]
[Black "Bratosevic, Mladen"]
[Result "1/2-1/2"]
[WhiteElo "2320"]
[BlackElo "2191"]
[PlyCount "68"]
[EventDate "2013.04.05"]
[EventType "team-tourn"]
[EventRounds "9"]
[EventCountry "CRO"]
[SourceTitle "EXT 2014"]
[Source "ChessBase"]
[SourceDate "2013.11.20"]
[SourceVersion "1"]
[SourceVersionDate "2013.11.20"]
[SourceQuality "1"]
[WhiteTeam "Privlaka Sveti Vid"]
[BlackTeam "Mravince II"]
[WhiteTeamCountry "CRO"]
[BlackTeamCountry "CRO"]

1. d4 d5 2. c4 c6 3. Nf3 Nf6 4. Qc2 e6 5. Bg5 Qa5+ 6. Bd2 Bb4 7. a3 Bxd2+ 8. Nbxd2 0-0 9. e3 Nbd7 10. b4 Qd8 11. Bd3 Re8 12. 0-0 h6 13. e4 dxe4 14. Nxe4 Nxe4 15. Bxe4 e5 16. d5 cxd5 17. Bxd5 Nf6 18. Rad1 Qc7 19. h3 Be6 20. Bxe6 Rxe6 21. Rfe1 a5 22. c5 axb4 23. axb4 b6 24. Rc1 bxc5 25. Qxc5 Qxc5 26. bxc5 e4 27. Nd4 Re5 28. c6 Rc8 29. c7 Ne8 30. f4 Rd5 31. Rxe4 Kf8 32. Nf3 Rd7 33. Ne5 Re7 34. Rb4 Rexc7 1/2-1/2

[Event "Split op"]
[Site "Split"]
[Date "2009.04.28"]
[Round "1"]
[White "Bratosevic, Mladen"]
[Black "Sunara, Tomislav"]
[Result "1-0"]
[WhiteElo "2201"]
[BlackElo "1954"]
[PlyCount "59"]
[EventDate "2009.04.28"]
[EventType "swiss"]
[EventRounds "7"]
[EventCountry "CRO"]
[SourceTitle "CBM 130 Extra"]
[Source "ChessBase"]
[SourceDate "2009.07.02"]
[SourceVersion "2"]
[SourceVersionDate "2009.07.15"]
[SourceQuality "1"]

1. d4 d5 2. Nf3 Nf6 3. c4 c6 4. Nc3 g6 5. Bf4 Bg7 6. e3 0-0 7. h3 Nbd7 8. Qc2 Re8 9. cxd5 c5 10. Rd1 a6 11. a4 cxd4 12. Nxd4 Nh5 13. Bh2 Be5 14. Bxe5 Nxe5 15. Be2 Ng7 16. 0-0 Qc7 17. f4 Nd7 18. Rc1 Qb6 19. Qb3 Qa7 20. a5 Nf5 21. Nxf5 gxf5 22. Na4 Nf6 23. Nb6 Rb8 24. Rc7 Ne4 25. Qa4 Nd6 26. Rf3 Kf8 27. Qd4 f6 28. Nd7+ Bxd7 29. Qxa7 Bb5 30. Bxb5 1-0

[Event "Split MIC op"]
[Site "Split"]
[Date "2007.05.03"]
[Round "7"]
[White "Bobanac, Miro"]
[Black "Bratosevic, Mladen"]
[Result "1-0"]
[WhiteElo "2292"]
[BlackElo "2210"]
[PlyCount "91"]
[EventDate "2007.04.28"]
[EventType "swiss"]
[EventRounds "9"]
[EventCountry "CRO"]
[SourceTitle "EXT 2008"]
[Source "ChessBase"]
[SourceDate "2007.11.25"]
[SourceVersion "1"]
[SourceVersionDate "2007.11.25"]
[SourceQuality "1"]

1. b3 d5 2. Bb2 Nf6 3. e3 Bg4 4. f3 Bh5 5. Ne2 Nbd7 6. d4 e6 7. Nf4 Bd6 8. Nc3 c6 9. h4 Bxf4 10. exf4 Bg6 11. Qd2 Qc7 12. g3 0-0-0 13. Na4 h5 14. 0-0-0 Bf5 15. Qb4 Kb8 16. Nc5 Qb6 17. Qc3 Ka8 18. a4 Ne8 19. Ba3 Qc7 20. Rh2 Nd6 21. Qe1 Rhe8 22. Kb2 Nb8 23. Nd3 f6 24. Re2 Nf7 25. Qc3 Na6 26. Rde1 Rg8 27. Nf2 Nh6 28. Re3 Qb6 29. Be2 g5 30. fxg5 fxg5 31. g4 hxg4 32. fxg4 Be4 33. Nxe4 dxe4 34. Rxe4 gxh4 35. Be7 Rd7 36. a5 Qc7 37. Bxh4 Nb8 38. a6 Nxa6 39. Bxa6 bxa6 40. Bg3 Qb6 41. Rxe6 Nxg4 42. d5 Rxd5 43. Rxc6 Qd4 44. Qxd4 Rxd4 45. Rc7 Rb4 46. Ree7 1-0

[Event "Epetium op"]
[Site "Stobrec"]
[Date "2006.08.18"]
[Round "6"]
[White "Bratosevic, Mladen"]
[Black "Brkic, Ivica"]
[Result "1/2-1/2"]
[WhiteElo "2190"]
[BlackElo "2171"]
[PlyCount "130"]
[EventDate "2006.08.11"]
[EventType "swiss"]
[EventRounds "7"]
[EventCountry "CRO"]
[SourceTitle "EXT 2007"]
[Source "ChessBase"]
[SourceDate "2006.11.23"]
[SourceVersion "1"]
[SourceVersionDate "2006.11.23"]
[SourceQuality "1"]

1. d4 e6 2. Nf3 Nf6 3. c4 Bb4+ 4. Bd2 Bxd2+ 5. Qxd2 d5 6. e3 0-0 7. Nc3 a6 8. c5 b6 9. cxb6 cxb6 10. Bd3 Bb7 11. 0-0 Qd6 12. Ne5 Ne4 13. Qc2 f5 14. f3 Nf6 15. Rac1 Nbd7 16. Nxd7 Nxd7 17. f4 b5 18. Nb1 Rac8 19. Qe2 Nb6 20. b3 Rc6 21. Qb2 Rfc8 22. Rxc6 Qxc6 23. Rd1 Rc7 24. Kf2 Nd7 25. h3 Nf6 26. Nd2 b4 27. Nf3 Nd7 28. Rd2 Qc3 29. Rc2 Qxb2 30. Rxb2 a5 31. Ke2 h6 32. Kd2 Kf7 33. Rc2 Rxc2+ 34. Kxc2 Bc6 35. Ba6 Kf6 36. Kd2 g5 37. Bc8 Nb6 38. Ba6 Be8 39. Ne5 gxf4 40. exf4 Na8 41. Bb7 Nc7 42. Bc6 Ke7 43. Kd3 Nb5 44. Bxb5 Bxb5+ 45. Ke3 Kf6 46. Kf2 a4 47. Kf3 a3 48. Ke3 Bc4 49. Nd7+ Ke7 50. Nc5 Bf1 51. Kf3 Kd6 52. Kf2 Bc4 53. Ke3 Bf1 54. Kf3 h5 55. h4 Bb5 56. Ke3 Ke7 57. Kd2 Kd6 58. Kc2 Ke7 59. Nb7 Kd7 60. Kd2 Kc7 61. Nc5 Kd6 62. g3 Ke7 63. Kc2 Kd6 64. Na4 Kc6 65. Nc5 Kd6 1/2-1/2

[Event "Epetium op"]
[Site "Stobrec"]
[Date "2006.08.17"]
[Round "5"]
[White "Hecko, Dusan"]
[Black "Bratosevic, Mladen"]
[Result "0-1"]
[WhiteElo "2144"]
[BlackElo "2190"]
[PlyCount "142"]
[EventDate "2006.08.11"]
[EventType "swiss"]
[EventRounds "7"]
[EventCountry "CRO"]
[SourceTitle "EXT 2007"]
[Source "ChessBase"]
[SourceDate "2006.11.23"]
[SourceVersion "1"]
[SourceVersionDate "2006.11.23"]
[SourceQuality "1"]

1. e4 c6 2. d4 d5 3. Nc3 dxe4 4. Nxe4 Nd7 5. Nf3 Ngf6 6. Nxf6+ Nxf6 7. Bc4 g6 8. 0-0 Bg7 9. Re1 0-0 10. c3 Bf5 11. Bg5 Qd6 12. Qc1 Rfe8 13. Bf4 Qd8 14. Be5 b5 15. Bb3 Qb6 16. h3 c5 17. dxc5 Qxc5 18. Nd4 Bd3 19. Qd1 Bc4 20. Qf3 Rac8 21. Rad1 Red8 22. Nc2 a5 23. Rxd8+ Rxd8 24. Bd4 Qd6 25. Bxc4 bxc4 26. Qe2 Qf4 27. Ne3 e5 28. Bb6 Rc8 29. Bxa5 Nh5 30. Nd5 Qg5 31. Qg4 Qxg4 32. hxg4 Ra8 33. Bc7 Nf6 34. Nxf6+ Bxf6 35. Bxe5 Bxe5 36. Rxe5 Rxa2 37. Re2 h6 38. f3 Kg7 39. Kf2 Kf6 40. Ke3 Ke5 41. Rd2 g5 42. g3 f5 43. gxf5 Kxf5 44. Kd4 Ra4 45. Rh2 Kg6 46. Kc5 Ra5+ 47. Kxc4 Rf5 48. Rf2 h5 49. b4 g4 50. f4 h4 51. gxh4 Kh5 52. b5 g3 53. Rg2 Kxh4 54. Kb4 Kh3 55. Rd2 Rxf4+ 56. c4 Rf2 57. Rd3 Kg4 58. Rd1 Kf5 59. b6 Ke6 60. Rg1 g2 61. Kc5 Kd7 62. Rd1+ Kc8 63. Rg1 Kb7 64. Kb5 Rb2+ 65. Kc5 Rf2 66. Re1 Rf5+ 67. Kd6 Rf1 68. Re7+ Kxb6 69. c5+ Ka6 70. Kc7 g1Q 71. c6 Qa7+ 0-1

[Event "Epetium op"]
[Site "Stobrec"]
[Date "2006.08.13"]
[Round "3"]
[White "Batinic, Josip"]
[Black "Bratosevic, Mladen"]
[Result "0-1"]
[WhiteElo "1919"]
[BlackElo "2190"]
[PlyCount "66"]
[EventDate "2006.08.11"]
[EventType "swiss"]
[EventRounds "7"]
[EventCountry "CRO"]
[SourceTitle "EXT 2007"]
[Source "ChessBase"]
[SourceDate "2006.11.23"]
[SourceVersion "1"]
[SourceVersionDate "2006.11.23"]
[SourceQuality "1"]

1. e4 c6 2. d4 d5 3. Nd2 dxe4 4. Nxe4 Nd7 5. Nf3 Ngf6 6. Nxf6+ Nxf6 7. h3 Bf5 8. Bd3 e6 9. Bxf5 Qa5+ 10. Bd2 Qxf5 11. Ne5 Qe4+ 12. Qe2 Qxc2 13. 0-0 Bb4 14. Rfd1 Bxd2 15. Rxd2 Qe4 16. Qc4 0-0 17. Qb4 Rab8 18. Rd3 Qd5 19. Qc5 Qxc5 20. dxc5 Rfd8 21. Rad1 Rd5 22. Nc4 Ne4 23. b4 Rbd8 24. Rxd5 exd5 25. a4 Nc3 26. Rd3 Nxa4 27. Nd6 b5 28. Re3 Kf8 29. f4 g6 30. g4 Nb2 31. Ra3 Nc4 32. Nxc4 bxc4 33. Kf2 Re8 0-1

[Event "Epetium op"]
[Site "Stobrec"]
[Date "2006.08.12"]
[Round "2"]
[White "Sunara, Tomislav"]
[Black "Bratosevic, Mladen"]
[Result "1/2-1/2"]
[WhiteElo "2035"]
[BlackElo "2190"]
[PlyCount "120"]
[EventDate "2006.08.11"]
[EventType "swiss"]
[EventRounds "7"]
[EventCountry "CRO"]
[SourceTitle "EXT 2007"]
[Source "ChessBase"]
[SourceDate "2006.11.23"]
[SourceVersion "1"]
[SourceVersionDate "2006.11.23"]
[SourceQuality "1"]

1. e4 d5 2. exd5 Qxd5 3. Nc3 Qd6 4. Nf3 Bg4 5. Be2 Nf6 6. d4 a6 7. Bg5 Nc6 8. d5 Bxf3 9. Bxf3 Qe5+ 10. Be3 0-0-0 11. Qe2 Nb4 12. 0-0-0 e6 13. dxe6 Rxd1+ 14. Rxd1 fxe6 15. a3 Nbd5 16. Nxd5 Nxd5 17. Bxd5 exd5 18. Qg4+ Kb8 19. Bf4 Qe4 20. f3 Qc4 21. Be5 Qe2 22. Qg3 Qc4 23. Re1 d4 24. Bxc7+ Ka7 25. Rd1 Bxa3 26. bxa3 Rc8 27. Qd6 Rxc7 28. Qxd4+ Qxd4 29. Rxd4 Kb6 30. Kb2 Kc5 31. c3 Re7 32. Kb3 b5 33. Rg4 Rd7 34. h4 Re7 35. Rg5+ Kb6 36. h5 Rf7 37. Re5 Kc6 38. Re6+ Kb7 39. h6 g6 40. Re8 Kb6 41. Rg8 Re7 42. Rg7 Re2 43. g4 a5 44. a4 bxa4+ 45. Kxa4 Re3 46. Rxh7 Rxf3 47. Rg7 Rf4+ 48. Kb3 Rxg4 49. h7 Rh4 50. Rxg6+ Kc5 51. Rg7 Kb5 52. c4+ Kc5 53. Rg5+ Kb6 54. Rg7 Kc5 55. Rf7 Rh3+ 56. Ka4 Kxc4 57. Kxa5 Kc5 58. Ka6 Kc6 59. Ka7 Kd6 60. Kb8 Ke6 1/2-1/2

[Event "Epetium op"]
[Site "Stobrec"]
[Date "2006.08.11"]
[Round "1"]
[White "Bratosevic, Mladen"]
[Black "Baturina, Andrija"]
[Result "1-0"]
[WhiteElo "2190"]
[BlackElo "1851"]
[PlyCount "71"]
[EventDate "2006.08.11"]
[EventType "swiss"]
[EventRounds "7"]
[EventCountry "CRO"]
[SourceTitle "EXT 2007"]
[Source "ChessBase"]
[SourceDate "2006.11.23"]
[SourceVersion "1"]
[SourceVersionDate "2006.11.23"]
[SourceQuality "1"]

1. c4 Nf6 2. Nc3 e6 3. Nf3 b6 4. g3 Nc6 5. Bg2 Bb4 6. Qc2 Ba6 7. a3 Bxc3 8. Qxc3 0-0 9. 0-0 Ne7 10. b4 d5 11. d3 Rc8 12. Bg5 Ng6 13. h4 dxc4 14. dxc4 Ne4 15. Qc2 Nxg5 16. Nxg5 Rb8 17. Rad1 Qe7 18. Nxh7 Kxh7 19. h5 Qg5 20. hxg6+ Qxg6 21. Be4 f5 22. Bf3 Rbd8 23. Kg2 Rxd1 24. Rxd1 Qf6 25. b5 Bc8 26. Qd2 g6 27. Rh1+ Kg7 28. Qf4 e5 29. Qh6+ Kf7 30. Bd5+ Ke8 31. Qh7 Bd7 32. Rh6 Qd6 33. Rxg6 Qxa3 34. Rg7 Qd6 35. Rxd7 Qxd7 36. Bc6 1-0

[Event "Split Epetium op"]
[Site "Split"]
[Date "2005.08.21"]
[Round "7"]
[White "Plenkovic, Zdenko"]
[Black "Bratosevic, Mladen"]
[Result "1/2-1/2"]
[WhiteElo "2307"]
[BlackElo "2171"]
[PlyCount "79"]
[EventDate "2005.08.12"]
[EventType "swiss"]
[EventRounds "7"]
[EventCountry "CRO"]
[SourceTitle "EXT 2006"]
[Source "ChessBase"]
[SourceDate "2005.11.24"]
[SourceVersion "1"]
[SourceVersionDate "2005.11.24"]
[SourceQuality "1"]

1. Nf3 d5 2. g3 c6 3. Bg2 Nf6 4. 0-0 Bf5 5. d3 e6 6. Nbd2 Be7 7. Qe1 h6 8. e4 Bh7 9. Kh1 0-0 10. Ne5 Nfd7 11. Nxd7 Nxd7 12. f4 dxe4 13. dxe4 Nc5 14. Nb3 Nxb3 15. axb3 Bc5 16. b4 Bb6 17. Be3 Qc7 18. Qc3 Bxe3 19. Qxe3 a5 20. bxa5 Rxa5 21. Rxa5 Qxa5 22. Rd1 Rd8 23. Rxd8+ Qxd8 24. Bf3 Kh8 25. Kg2 Bg8 26. c3 f6 27. e5 fxe5 28. fxe5 Qa5 29. h4 Qb5 30. b4 Qc4 31. g4 Bh7 32. Kg3 Qf1 33. Bg2 Qd1 34. Bh3 Qc2 35. Bg2 Bd3 36. Qe1 Be2 37. Bf3 Bxf3 38. Kxf3 Qd3+ 39. Qe3 Qf1+ 40. Kg3 1/2-1/2

[Event "Karlusic Memorial 2nd"]
[Site "Split"]
[Date "2001.01.07"]
[Round "5"]
[White "Bratosevic, Mladen"]
[Black "Ivic, Mateo"]
[Result "1/2-1/2"]
[WhiteElo "2202"]
[BlackElo "2128"]
[PlyCount "94"]
[EventDate "2001.01.03"]
[EventType "swiss"]
[EventRounds "7"]
[EventCountry "CRO"]
[SourceTitle "CBM 080 Extra"]
[Source "ChessBase"]
[SourceDate "2001.03.08"]
[SourceVersion "1"]
[SourceVersionDate "2001.03.08"]
[SourceQuality "1"]

1. Nf3 Nf6 2. g3 g6 3. Bg2 Bg7 4. 0-0 0-0 5. c4 d6 6. Nc3 c5 7. d4 Nc6 8. d5 Na5 9. Nd2 e5 10. a3 b6 11. b4 Nb7 12. Nb3 Ne8 13. Qc2 f5 14. e3 Nf6 15. f4 e4 16. Rb1 Bd7 17. bxc5 dxc5 18. Bb2 Nd6 19. Nd2 Qe7 20. a4 h5 21. h4 Nfe8 22. a5 Nc7 23. Na4 Bxb2 24. Rxb2 Qe8 25. Ra1 Bxa4 26. Rxa4 Rb8 27. axb6 axb6 28. Ra7 Qd7 29. Bf1 Nc8 30. Ra3 Rd8 31. Nb3 Ra8 32. Rxa8 Nxa8 33. Ra2 Nc7 34. Nd2 Kf8 35. Qc3 Qg7 36. Qb3 Qd7 37. Bh3 b5 38. Nxe4 bxc4 39. Qxc4 Qe7 40. Nxc5 Rxd5 41. Na6 Qxe3+ 42. Kh2 Rd3 43. Rg2 Rc3 44. Qb4+ Ne7 45. Nxc7 Rxc7 46. Qd6 Rc1 47. Qd2 Qc5 1/2-1/2

[Event "Karlusic Memorial 2nd"]
[Site "Split"]
[Date "2001.01.06"]
[Round "4"]
[White "Bratosevic, Mladen"]
[Black "Brulic, Denis"]
[Result "0-1"]
[WhiteElo "2202"]
[BlackElo "2118"]
[PlyCount "70"]
[EventDate "2001.01.03"]
[EventType "swiss"]
[EventRounds "7"]
[EventCountry "CRO"]
[SourceTitle "CBM 080 Extra"]
[Source "ChessBase"]
[SourceDate "2001.03.08"]
[SourceVersion "1"]
[SourceVersionDate "2001.03.08"]
[SourceQuality "1"]

1. Nf3 Nf6 2. g3 Nc6 3. Bg2 e5 4. d3 Be7 5. 0-0 0-0 6. c4 d5 7. Nbd2 Re8 8. a3 e4 9. Ne1 Ne5 10. dxe4 dxe4 11. Nc2 Bg4 12. Ne3 Bc5 13. h3 Bxe3 14. fxe3 Be6 15. Qc2 Qd7 16. Rxf6 gxf6 17. Nxe4 Qe7 18. b3 Bf5 19. Bb2 Bg6 20. Qc3 Nd7 21. Rd1 Bxe4 22. Rxd7 Qxd7 23. Qxf6 Qd1+ 24. Kh2 Kf8 25. Qg7+ Ke7 26. Bxe4 Qxe2+ 27. Bg2 Qxe3 28. Bxb7 Qf2+ 29. Bg2 Kd7 30. Bd4 Qf5 31. Bxa7 Re2 32. Qd4+ Ke6 33. Bc5 Ra5 34. b4 Rxa3 35. Kh1 Rxg2 0-1